000 00271 a2200097 4500
001 59845
100 _a
245 _aMobile and Wireless Systems Beyond 3G: Managing New Business Opportunities( 384.5350684/ PAG)
260 _aUSA
_bIRM Press
_c2005
090 _c36679
_d36679
942 _aNUST-CAE
_c
_c29645
999 _c294918
_d294918